Statistics for Auckland Train Stations & Northern Busway

Click here to take the quiz!

General Stats

  • This quiz has been taken 188 times
  • The average score is 32 of 47

Answer Stats

Stop % Correct
Britomart
100%
Newmarket
98%
Onehunga
93%
Parnell
93%
Manukau
90%
Mt Eden
90%
Pukekohe
87%
Albany
86%
Papakura
85%
Remuera
85%
Orākei
82%
Grafton
82%
Glen Innes
81%
Henderson
80%
Kingsland
80%
Swanson
80%
Sylvia Park
79%
Penrose
78%
New Lynn
78%
Ellerslie
78%
Avondale
77%
Greenlane
77%
Mt Albert
73%
Ōtāhuhu
73%
Panmure
73%
Morningside
71%
Constellation
69%
Smales Farm
67%
Meadowbank
67%
Rānui
66%
Papatoetoe
66%
Middlemore
61%
Te Papapa
56%
Glen Eden
55%
Akoranga
54%
Baldwin Ave
54%
Manurewa
54%
Sunnyvale
52%
Sunnynook
52%
Fruitvale Rd
50%
Hibiscus Coast
46%
Takaanini
44%
Homai
43%
Sturges Rd
39%
Victoria Park
32%
Te Mahia
32%
Lower Albert St
18%

Score Distribution

Percentile by Number Answered

Percent of People with Each Score

Your Score History

You have not taken this quiz